000 01254cam a2200313 a 4500
001 2086306
003 ARRUPE
005 20131023171736.0
008 950302s1995 nyu b 001 0 eng
010 _a 95008229
020 _a0333598385
020 _a0312126077
040 _aDLC
_cDLC
_dDLC
050 0 0 _aBF1045.P5
_bP75 1995
100 1 _aPrice, H. H.
_q(Henry Habberley),
_d1899-
_92873
245 1 0 _aPhilosophical interactions with parapsychology :
_bthe major writings of H.H. Price on parapsychology and survival /
_cedited by Frank B. Dilley.
260 _aNew York :
_bSt. Martin's Press,
_c1995.
300 _axix, 294 p. ;
_c23 cm.
490 1 _aLibrary of philosophy and religion
504 _aIncludes bibliographical references and index.
650 0 _aParapsychology and philosophy.
_92874
650 0 _aFuture life.
_92875
700 1 _aDilley, Frank B.
_92876
830 0 _aLibrary of philosophy and religion (St. Martin's Press)
_92877
856 4 2 _3Publisher description
_uhttp://www.loc.gov/catdir/description/hol055/95008229.html
906 _a7
_bcbc
_corignew
_d1
_eocip
_f19
_gy-gencatlg
942 _2lcc
_cMONOGRAPH
999 _c118432
_d118432